[Event "Titled Tue 1st Jul Early"]
[Site "chess.com INT"]
[Date "2025.07.01"]
[Round "4"]
[White "Alvarado Diaz, Alejandro"]
[Black "Auribault, Louis"]
[Result "1-0"]
[WhiteTitle "IM"]
[BlackTitle "FM"]
[WhiteElo "2484"]
[BlackElo "2114"]
[WhiteFideId "2276119"]
[BlackFideId "45196591"]
[EventDate "2025.07.01"]

1. e4 e5 2. Nc3 Nf6 3. g3 d5 4. exd5 c6 5. d4 exd4 6. Qxd4 cxd5 7. Bg5 Be7 8.
Bg2 Nc6 9. Qd2 d4 10. Bxf6 gxf6 11. Nd5 Bc5 12. Ne2 Be6 13. Nef4 Ne5 14. O-O O-O
15. b4 Bb6 16. Rfd1 Bg4 17. Nxb6 Qxb6 18. Nd5 Qd8 19. Qh6 Ng6 20. Rxd4 Be6 21.
Rh4 Nxh4 22. Nxf6+ Qxf6 23. Qxf6 Nxg2 24. Kxg2 Rac8 25. c3 Rc4 26. f3 Rc7 27.
Re1 Rd7 28. g4 Rd2+ 29. Kg3 Re8 30. Qg5+ 1-0

[Event "Titled Tue 1st Jul Early"]
[Site "chess.com INT"]
[Date "2025.07.01"]
[Round "4"]
[White "Kozak, Antoni"]
[Black "Liashkevich, Lizaveta"]
[Result "0-1"]
[BlackTitle "WFM"]
[WhiteElo "2426"]
[BlackElo "2204"]
[WhiteFideId "21832030"]
[BlackFideId "13518658"]
[EventDate "2025.07.01"]

1. d4 d5 2. Nc3 Nf6 3. Bf4 e6 4. Nb5 Na6 5. e3 Be7 6. Nf3 O-O 7. h3 Ne4 8. a4 c6
9. Na3 Qa5+ 10. c3 Nxc3 11. bxc3 Qxc3+ 12. Nd2 Bxa3 13. Bxa6 bxa6 14. O-O a5 15.
Ra2 Bb4 16. Rc2 Qd3 17. Nf3 Ba6 18. Nd2 Bxd2 19. Rxd2 Qxf1+ 20. Qxf1 Bxf1 21.
Kxf1 Rfc8 22. Rc2 f6 23. Rc5 Kf7 24. Bd6 Ke8 25. Rxa5 Kd7 26. Bf4 a6 27. g4 Re8
28. f3 e5 29. Bg3 exd4 30. exd4 Re3 31. Kg2 Re2+ 32. Bf2 Rb8 33. Kg3 Rbb2 34.
Rxa6 Rxf2 35. Ra7+ Kd6 36. Rxg7 Rg2+ 37. Kf4 Ra2 38. Rxh7 Rxa4 39. h4 Rxd4+ 40.
Kf5 Rf2 41. h5 Rxf3+ 42. Kg6 Rxg4+ 43. Kf7 f5 44. h6 Rh4 45. Rh8 Rg3 46. Kf6
Rgh3 47. Kg5 Rxh6 48. Ra8 R6h5+ 49. Kf4 R5h4+ 50. Kg5 Rg4+ 51. Kxf5 Re4 52. Kg5
Rf3 53. Kg6 Rf2 54. Kh5 Re1 55. Kg4 Rg1+ 56. Kh3 Rf7 57. Rh8 Rh1+ 58. Kg4 Rxh8 0-1

[Event "Titled Tue 1st Jul Early"]
[Site "chess.com INT"]
[Date "2025.07.01"]
[Round "4"]
[White "Birkisson, Bjorn Holm"]
[Black "Kamalsyah, Muhammad"]
[Result "1-0"]
[WhiteTitle "CM"]
[BlackTitle "FM"]
[WhiteElo "2159"]
[BlackElo "2314"]
[WhiteFideId "2310600"]
[BlackFideId "7105932"]
[EventDate "2025.07.01"]

1. e4 c5 2. Nf3 e6 3. d4 cxd4 4. Nxd4 a6 5. Bd3 Bc5 6. Nb3 Ba7 7. c4 Ne7 8. Nc3
Nbc6 9. O-O O-O 10. Qe2 d5 11. cxd5 exd5 12. exd5 Nb4 13. Bxh7+ Kxh7 14. Qe4+
Kg8 15. Qxb4 Nxd5 16. Nxd5 Qxd5 17. Bf4 Rd8 18. Bc7 Re8 19. Rad1 Qc6 20. Bg3 Bg4
21. Rd6 Qc2 22. Rd2 Qc6 23. h3 Bh5 24. Rc1 Qg6 25. Qxb7 Qxg3 26. Qxa7 Qg6 27.
Qd7 Bf3 28. g3 Qe4 29. Kh2 Qe5 30. Rc7 Rf8 31. Nd4 Be4 32. Nc6 1-0

[Event "Titled Tue 1st Jul Early"]
[Site "chess.com INT"]
[Date "2025.07.01"]
[Round "4"]
[White "Akshat Sureka"]
[Black "Antoniou, Rafail"]
[Result "0-1"]
[WhiteTitle "FM"]
[BlackTitle "CM"]
[WhiteElo "2339"]
[BlackElo "2134"]
[WhiteFideId "25774492"]
[BlackFideId "5904390"]
[EventDate "2025.07.01"]

1. c4 c6 2. Nf3 Nf6 3. b3 d5 4. e3 g6 5. Bb2 Bg7 6. Be2 O-O 7. O-O Bg4 8. d3 e6
9. Nbd2 Nbd7 10. h3 Bxf3 11. Nxf3 Nh5 12. Qc2 Bxb2 13. Qxb2 Qf6 14. Qxf6 Nhxf6
15. d4 Kg7 16. Bd3 Rfe8 17. Rfd1 e5 18. dxe5 Nxe5 19. Nxe5 Rxe5 20. cxd5 Rxd5
21. Bc4 Rxd1+ 22. Rxd1 Kf8 23. f3 Ke7 24. e4 b5 25. Be2 Rd8 26. Rc1 Rd2 27. Bf1
Kd6 28. e5+ Kxe5 29. Rxc6 Rxa2 30. Bxb5 Nd5 31. Ra6 Rxa6 32. Bxa6 f6 33. Kf2 Kd4
34. Bc4 Nb4 35. Ke2 Kc3 36. h4 Nc2 37. h5 gxh5 38. Bf7 h4 39. Bg8 h6 40. f4 Nd4+
41. Ke3 Nxb3 42. Ke4 a5 43. Kf5 a4 44. Kxf6 a3 0-1

[Event "Titled Tue 1st Jul Early"]
[Site "chess.com INT"]
[Date "2025.07.01"]
[Round "4"]
[White "Bashirov, Kemal"]
[Black "Burmakin, Evgeniy"]
[Result "0-1"]
[WhiteTitle "FM"]
[BlackTitle "FM"]
[WhiteElo "2305"]
[BlackElo "2110"]
[WhiteFideId "14183650"]
[BlackFideId "4163729"]
[EventDate "2025.07.01"]

1. d4 Nf6 2. Nf3 g6 3. Nbd2 d5 4. e3 Bg7 5. b4 O-O 6. Bb2 Bf5 7. a4 Nbd7 8. c4
c6 9. Be2 Ne4 10. O-O Nxd2 11. Qxd2 dxc4 12. Bxc4 e5 13. dxe5 Nxe5 14. Qxd8
Nxf3+ 15. gxf3 Raxd8 16. Bxg7 Kxg7 17. Rad1 Bc2 18. Ra1 Rd2 19. b5 c5 20. a5
Rfd8 21. b6 a6 22. Rfc1 Kf6 23. Ra2 Bd1 24. Rxd2 Rxd2 25. Bf1 Bxf3 26. Rxc5 Rd1
27. Rc2 h5 28. h4 Ke5 29. Rc5+ Kd6 30. Rc8 Ke6 31. Rc2 Kf6 32. Rb2 g5 33. hxg5+
Kxg5 34. Rc2 h4 35. Rc5+ f5 36. Rc7 h3 37. Kh2 Rxf1 38. Kxh3 Rxf2 39. Kg3 Rf1 0-1

[Event "Titled Tue 1st Jul Early"]
[Site "chess.com INT"]
[Date "2025.07.01"]
[Round "4"]
[White "Huseynova, Lala"]
[Black "Nazin, Roman"]
[Result "0-1"]
[WhiteTitle "WFM"]
[BlackTitle "CM"]
[WhiteElo "2045"]
[BlackElo "2250"]
[WhiteFideId "13431781"]
[BlackFideId "4137167"]
[EventDate "2025.07.01"]

1. d4 Nf6 2. c4 c5 3. d5 e5 4. dxe6 fxe6 5. Nc3 d5 6. cxd5 exd5 7. Bg5 d4 8. Ne4
Qa5+ 9. Bd2 Qb6 10. Nxf6+ Qxf6 11. e3 Nc6 12. Qc2 Bf5 13. Bd3 Bxd3 14. Qxd3
O-O-O 15. exd4 Re8+ 16. Ne2 Qxd4 17. Qh3+ Kb8 18. Bc3 Qc4 19. Qh5 Bd6 20. O-O-O
Rxe2 21. Rxd6 Nb4 22. Qf3 Rc2+ 23. Kd1 Re8 24. Bxb4 Rc1+ 25. Kd2 Qc2# 0-1

[Event "Titled Tue 1st Jul Early"]
[Site "chess.com INT"]
[Date "2025.07.01"]
[Round "4"]
[White "Iljin, Timofey"]
[Black "Gasparyan, Erik R."]
[Result "0-1"]
[WhiteTitle "IM"]
[BlackTitle "IM"]
[WhiteElo "2242"]
[BlackElo "2372"]
[WhiteFideId "14110180"]
[BlackFideId "13315730"]
[EventDate "2025.07.01"]

1. e4 c6 2. d4 d5 3. e5 Bf5 4. h4 h5 5. Bg5 Qb6 6. Bd3 e6 7. Bxf5 exf5 8. Nd2
Qxd4 9. Ngf3 Qg4 10. O-O Be7 11. c4 Bxg5 12. Nxg5 Ne7 13. Qb3 b6 14. cxd5 Nxd5
15. e6 f6 16. Nf7 O-O 17. e7 Re8 18. Nd6 Rxe7 19. Rfe1 Rxe1+ 20. Rxe1 Nd7 21.
Qd3 Qxg2+ 22. Kxg2 Nf4+ 23. Kg3 Nxd3 24. Re7 f4+ 25. Kf3 N3e5+ 26. Ke4 Kf8 27.
Nf5 g6 28. Rh7 gxf5+ 29. Kxf5 Kg8 30. Re7 Kf8 31. Rh7 Re8 32. Ne4 Re7 33. Rh8+
Kg7 34. Ra8 Ng6 35. Nd6 Re5# 0-1

[Event "Titled Tue 1st Jul Early"]
[Site "chess.com INT"]
[Date "2025.07.01"]
[Round "4"]
[White "Burovic, Rijad"]
[Black "Lesovoi, Evgenij"]
[Result "0-1"]
[WhiteTitle "IM"]
[BlackTitle "FM"]
[WhiteElo "2420"]
[BlackElo "2234"]
[WhiteFideId "14407701"]
[BlackFideId "24164135"]
[EventDate "2025.07.01"]

1. e4 e5 2. f4 d5 3. exd5 exf4 4. Nf3 Nf6 5. c4 c6 6. d4 cxd5 7. c5 b6 8. b4 a5
9. Bb5+ Bd7 10. Bxd7+ Nfxd7 11. O-O Be7 12. Nc3 axb4 13. Nxd5 O-O 14. Bxf4 bxc5
15. Qe2 Bf6 16. Nxf6+ Qxf6 17. Bg5 Qg6 18. dxc5 Nxc5 19. h4 Nc6 20. Qc4 Ra5 21.
Rac1 Re8 22. Rfe1 Rxe1+ 23. Rxe1 h6 24. Re8+ Kh7 25. Be3 Nd7 26. h5 Rxh5 27. Nh4
Qb1+ 28. Kf2 Nde5 29. Qd5 Rxh4 30. Rxe5 Qb2+ 0-1

[Event "Titled Tue 1st Jul Early"]
[Site "chess.com INT"]
[Date "2025.07.01"]
[Round "4"]
[White "Winkels, Marcel"]
[Black "Nikookar, Mahdi"]
[Result "0-1"]
[WhiteTitle "CM"]
[BlackTitle "FM"]
[WhiteElo "1905"]
[BlackElo "2216"]
[WhiteFideId "1003887"]
[BlackFideId "22552987"]
[EventDate "2025.07.01"]

1. e4 e5 2. Nf3 d6 3. d4 Nd7 4. Bc4 c6 5. Bxf7+ Kxf7 6. Ng5+ Ke7 7. dxe5 dxe5 8.
Qh5 Qe8 9. Qh4 Ngf6 10. b3 Qh5 11. Ba3+ Ke8 12. Qg3 Qg4 13. Qe3 Qxg2 14. Rf1 Ng4
15. Qd3 Nxh2 16. Ne6 Qxf1+ 17. Qxf1 Nxf1 18. Nc7+ Kd8 19. Nxa8 Nh2 20. Bb2 b6
21. Nd2 Bb7 22. O-O-O Bxa8 23. Nc4 Kc8 24. Nxe5 Nxe5 25. Bxe5 Ng4 26. Bc3 Nxf2
27. Rf1 Nxe4 28. Bb2 Nf6 29. Re1 Bb4 30. Rg1 Ne8 31. Rg4 Be7 32. Re4 Bf6 33. Ba3
h5 34. Re6 c5 35. b4 h4 36. bxc5 h3 37. cxb6 h2 0-1

[Event "Titled Tue 1st Jul Early"]
[Site "chess.com INT"]
[Date "2025.07.01"]
[Round "4"]
[White "Fichter, Fabian"]
[Black "Rivera Huerta, Alberto"]
[Result "1-0"]
[WhiteTitle "FM"]
[BlackTitle "CM"]
[WhiteElo "2227"]
[BlackElo "1994"]
[WhiteFideId "24613258"]
[BlackFideId "5106052"]
[EventDate "2025.07.01"]

1. e4 c5 2. Nf3 Nc6 3. d4 cxd4 4. Nxd4 Qb6 5. Nb3 Nf6 6. Nc3 e6 7. Bd3 Be7 8.
O-O d6 9. Be3 Qc7 10. f4 a6 11. Qf3 b5 12. e5 Nd7 13. exd6 Bxd6 14. Ne4 Be7 15.
Ng5 h6 16. Qh5 Nd8 17. Bg6 Bxg5 18. fxg5 Ne5 19. Be4 g6 20. Qh4 Bb7 21. Bxb7
Qxb7 22. gxh6 Ndc6 23. Rad1 Qc7 24. Nd4 Rh7 25. Qf6 1-0

[Event "Titled Tue 1st Jul Early"]
[Site "chess.com INT"]
[Date "2025.07.01"]
[Round "4"]
[White "Andreev, Konstantin"]
[Black "Hansen, Eric"]
[Result "0-1"]
[WhiteTitle "FM"]
[BlackTitle "GM"]
[WhiteElo "2208"]
[BlackElo "2609"]
[WhiteFideId "24239305"]
[BlackFideId "2606771"]
[EventDate "2025.07.01"]

1. e4 c5 2. Nf3 e6 3. d4 cxd4 4. Nxd4 a6 5. Bd3 Qb6 6. Nb3 Qc7 7. c4 d6 8. Nc3
b6 9. Be3 Bb7 10. f4 Nf6 11. O-O Nbd7 12. g4 g6 13. g5 Nh5 14. Qd2 h6 15. Rae1
hxg5 16. fxg5 Ne5 17. Bd4 Bg7 18. Na4 Nd7 19. Bxg7 Nxg7 20. Qf2 Ne5 21. Bb1 Bc6
22. Qxb6 Qxb6+ 23. Nxb6 Rb8 24. Nd5 exd5 25. exd5 Ba4 26. c5 Bxb3 27. axb3 Kd7
28. Rxe5 dxe5 29. Rxf7+ Kc8 30. Rxg7 Rxb3 31. Bxg6 Rb7 32. Bf5+ Kb8 33. Rxb7+
Kxb7 34. g6 Rh5 35. h4 Rh8 36. Be6 Rh6 37. Bf5 Rh8 38. Kg2 e4 0-1

[Event "Titled Tue 1st Jul Early"]
[Site "chess.com INT"]
[Date "2025.07.01"]
[Round "4"]
[White "Ruiz Aguilar, Pablo Alexander"]
[Black "Ternault, Mathieu"]
[Result "0-1"]
[WhiteTitle "FM"]
[BlackTitle "FM"]
[WhiteElo "2141"]
[BlackElo "2276"]
[WhiteFideId "4401352"]
[BlackFideId "20641532"]
[EventDate "2025.07.01"]

1. e4 c5 2. Nf3 d6 3. d4 cxd4 4. Nxd4 Nf6 5. Nc3 a6 6. Be2 e6 7. Be3 Be7 8. Qd2
Qc7 9. O-O-O Nbd7 10. f4 O-O 11. Bf3 Rb8 12. g4 Nb6 13. g5 Nc4 14. Qe2 Nd7 15.
Bf2 b5 16. h4 Bb7 17. h5 Rfc8 18. g6 Nxb2 19. gxf7+ Kxf7 20. Ncxb5 axb5 21. Kxb2
Bf6 22. Kb1 Ra8 23. Bg4 Nc5 24. e5 dxe5 25. Nxe6 Nxe6 26. Bxe6+ Kxe6 27. Qg4+
Ke7 28. Bc5+ Qxc5 29. Rd7+ Kf8 0-1

[Event "Titled Tue 1st Jul Early"]
[Site "chess.com INT"]
[Date "2025.07.01"]
[Round "4"]
[White "Anakok, Deniz"]
[Black "Sobek, Jaroslav"]
[Result "0-1"]
[WhiteTitle "CM"]
[BlackTitle "FM"]
[WhiteElo "2129"]
[BlackElo "2195"]
[WhiteFideId "51603586"]
[BlackFideId "301388"]
[EventDate "2025.07.01"]

1. e4 c5 2. Nf3 a6 3. c4 Nc6 4. d4 cxd4 5. Nxd4 e5 6. Nf3 Bc5 7. Nc3 d6 8. Bg5
f6 9. Be3 Bg4 10. Bxc5 dxc5 11. Nd5 Nge7 12. Be2 Qa5+ 13. Qd2 Qxd2+ 14. Nxd2
Bxe2 15. Kxe2 Nxd5 16. cxd5 Nd4+ 17. Kd3 b5 18. b3 Kd7 19. Rac1 Rac8 20. Rhf1
Kd6 21. f4 Rhf8 22. f5 g5 23. g4 h5 24. h3 hxg4 25. hxg4 Rh8 26. Rh1 Rcg8 27.
Ke3 Rc8 28. Nf3 Rcg8 29. Nxd4 exd4+ 30. Kd3 Rc8 31. Rxh8 Rxh8 32. b4 Rh3+ 33.
Kd2 c4 34. Re1 Ke5 35. d6 Kxd6 36. e5+ fxe5 37. f6 Rh7 38. Rf1 Rf7 39. Rf5 Ke6
40. Rxg5 Rxf6 0-1

[Event "Titled Tue 1st Jul Early"]
[Site "chess.com INT"]
[Date "2025.07.01"]
[Round "4"]
[White "Parfenov, Viktor N."]
[Black "Sitbon, Itay"]
[Result "1-0"]
[WhiteTitle "CM"]
[WhiteElo "2193"]
[BlackElo "2206"]
[WhiteFideId "4165969"]
[BlackFideId "2820706"]
[EventDate "2025.07.01"]

1. d4 g6 2. e4 c5 3. d5 Bg7 4. Nc3 d6 5. Bb5+ Bd7 6. a4 Bxc3+ 7. bxc3 Qa5 8. Qd3
Nf6 9. f3 O-O 10. Bd2 a6 11. c4 Qc7 12. Bxd7 Nbxd7 13. Bc3 b5 14. a5 bxc4 15.
Qxc4 Rfb8 16. Ne2 Rb5 17. O-O Rab8 18. h3 Ne5 19. Qa2 c4 20. f4 Ned7 21. Ng3 h5
22. Rae1 h4 23. Nh1 Qc5+ 24. Nf2 Nh5 25. Kh2 Ng3 26. Ng4 Nxf1+ 27. Rxf1 Nf6 28.
Bxf6 exf6 29. Qa1 Rxa5 30. Qxf6 Qc7 31. f5 Qd8 32. Nh6+ Kh7 33. Qxf7+ Kh8 34.
fxg6 Qg8 35. Nxg8 Rxg8 36. Qh7# 1-0

[Event "Titled Tue 1st Jul Early"]
[Site "chess.com INT"]
[Date "2025.07.01"]
[Round "4"]
[White "Weetik, Vjacheslav"]
[Black "Vu Quang Quyen"]
[Result "1-0"]
[WhiteTitle "FM"]
[BlackTitle "CM"]
[WhiteElo "2423"]
[BlackElo "2026"]
[WhiteFideId "4153472"]
[BlackFideId "12402168"]
[EventDate "2025.07.01"]

1. Nf3 Nf6 2. g3 g6 3. Bg2 Bg7 4. O-O O-O 5. d4 d5 6. c4 dxc4 7. Na3 Nc6 8. Nxc4
Be6 9. b3 Bd5 10. Bb2 a5 11. Rc1 Ra6 12. Ne3 Be4 13. Ne5 Bxg2 14. Kxg2 Nb4 15.
a3 Nbd5 16. N3c4 b5 17. Nd2 Qa8 18. Kg1 Rd8 19. e3 Nd7 20. Nd3 e6 21. Qf3 b4 22.
a4 Qa7 23. Ne4 e5 24. dxe5 Nc3 25. Nxc3 bxc3 26. Bxc3 Qb8 27. Rfd1 Qxb3 28. Nc5
Nxc5 29. Rxd8+ Bf8 30. e6 Nxe6 31. Qf6 Nd4 32. Qxd4 1-0

[Event "Titled Tue 1st Jul Early"]
[Site "chess.com INT"]
[Date "2025.07.01"]
[Round "4"]
[White "Dovgaliuk, Oleksandr"]
[Black "Gulamirian, Korun"]
[Result "1-0"]
[BlackTitle "CM"]
[WhiteElo "2174"]
[BlackElo "1890"]
[WhiteFideId "14167247"]
[BlackFideId "4144899"]
[EventDate "2025.07.01"]

1. e4 e5 2. Nf3 Nc6 3. Bc4 Nf6 4. Ng5 d5 5. exd5 Na5 6. Bb5+ c6 7. dxc6 bxc6 8.
Qf3 Rb8 9. Bd3 Bg4 10. Qg3 h6 11. Ne4 Be6 12. Nbc3 Nb7 13. O-O Nxe4 14. Bxe4 Qd6
15. Qf3 Nd8 16. b3 Be7 17. a4 O-O 18. Ba3 Qd7 19. Bxe7 Qxe7 20. Bxc6 Nxc6 21.
Qxc6 Rbc8 22. Qe4 Bd7 23. Nd5 Qd6 24. c4 f5 25. Qh4 Rce8 26. d4 e4 27. Qf4 Qg6
28. Qc7 Rf7 29. Qg3 f4 30. Qxg6 1-0

[Event "Titled Tue 1st Jul Early"]
[Site "chess.com INT"]
[Date "2025.07.01"]
[Round "4"]
[White "Khandhadia, Nivaan Rathin"]
[Black "Rees, Ioan"]
[Result "0-1"]
[WhiteTitle "CM"]
[BlackTitle "FM"]
[WhiteElo "2112"]
[BlackElo "2280"]
[WhiteFideId "25753274"]
[BlackFideId "1801236"]
[EventDate "2025.07.01"]

1. d4 Nf6 2. c4 g6 3. Nc3 d5 4. cxd5 Nxd5 5. e4 Nxc3 6. bxc3 Bg7 7. Bc4 c5 8.
Ne2 Nc6 9. Be3 cxd4 10. cxd4 Qa5+ 11. Qd2 Qxd2+ 12. Kxd2 O-O 13. Rad1 Rd8 14.
Ke1 Nb4 15. Bb3 b6 16. a3 Nc6 17. Bd5 Bb7 18. Rc1 Rac8 19. f3 e6 20. Bxc6 Bxc6
21. Kf2 Bb5 22. Nc3 Ba6 23. Rhd1 Rc4 24. Ne2 Rdc8 25. Rxc4 Rxc4 26. Rc1 Rxc1 27.
Nxc1 Bf8 28. a4 f5 29. exf5 exf5 30. Ne2 Kf7 31. Nc3 Bc4 32. Ke1 Bb4 33. Bd2 Ke6
34. Nb5 Bxb5 35. axb5 Bd6 36. h3 Kd5 37. Be3 Kc4 38. Kd2 Kxb5 39. Kc3 a5 40. d5
Be5+ 41. Bd4 Bxd4+ 42. Kxd4 a4 43. Ke5 a3 44. d6 a2 45. d7 a1=Q+ 46. Ke6 Qh8 47.
Ke7 Qg7+ 48. Ke8 Qg8+ 49. Ke7 Kc6 50. d8=Q Qxd8+ 51. Kxd8 b5 0-1

[Event "Titled Tue 1st Jul Early"]
[Site "chess.com INT"]
[Date "2025.07.01"]
[Round "4"]
[White "Onyshchuk, Volodymyr"]
[Black "Maghsoodloo, Parham"]
[Result "1-0"]
[WhiteTitle "GM"]
[BlackTitle "GM"]
[WhiteElo "2607"]
[BlackElo "2695"]
[WhiteFideId "14114038"]
[BlackFideId "12539929"]
[EventDate "2025.07.01"]

1. e4 c6 2. Nf3 d5 3. d3 Qc7 4. Nc3 Nf6 5. Bg5 e6 6. Qd2 Nbd7 7. Be2 Bd6 8. O-O
h6 9. Bh4 O-O 10. Rfe1 a6 11. Bf1 Bf4 12. Qd1 Nh7 13. d4 b5 14. e5 f6 15. exf6
Ndxf6 16. Bg3 Bxg3 17. hxg3 c5 18. dxc5 Qxc5 19. Qd4 Qxd4 20. Nxd4 Re8 21. a4 b4
22. Na2 a5 23. Bb5 Re7 24. c3 bxc3 25. Nxc3 Ng5 26. Rac1 Bb7 27. f3 Kf7 28. Na2
g6 29. b4 Nh5 30. g4 Nf6 31. bxa5 Rxa5 32. Nb4 Ra8 33. Ndc6 Bxc6 34. Nxc6 Rea7
35. Nxa7 Rxa7 36. Rc6 Ke7 37. Rec1 Kd8 38. Rc8+ Ke7 39. R8c7+ Rxc7 40. Rxc7+ Kd6
41. Rc6+ Ke5 42. a5 1-0

[Event "Titled Tue 1st Jul Early"]
[Site "chess.com INT"]
[Date "2025.07.01"]
[Round "4"]
[White "Vihaan Dumir"]
[Black "Vidruska, Renate"]
[Result "1-0"]
[WhiteTitle "CM"]
[BlackTitle "WFM"]
[WhiteElo "2143"]
[BlackElo "2026"]
[WhiteFideId "25901010"]
[BlackFideId "11601841"]
[EventDate "2025.07.01"]

1. e4 e5 2. Nf3 Nf6 3. Nxe5 d6 4. Nf3 Nxe4 5. Nc3 Nxc3 6. dxc3 Be7 7. Be3 O-O 8.
Qd2 Be6 9. Bd3 Nd7 10. h4 Ne5 11. Nxe5 dxe5 12. h5 f5 13. g3 Qd5 14. Rh2 f4 15.
gxf4 exf4 16. Bd4 c5 17. h6 cxd4 18. hxg7 Qe5+ 19. Kf1 Kxg7 20. Rxh7+ Kg8 21.
Re1 dxc3 22. Qd1 Qf6 23. Qh5 Rf7 24. Rh6 Qg7 25. Rhxe6 Bf6 26. bxc3 Raf8 27. c4
Qg5 28. Qxg5+ Bxg5 29. Rg6+ Rg7 30. Rxg7+ Kxg7 31. Re6 Rd8 32. Rg6+ Kf7 33. Rxg5
Kf6 34. Rf5+ Ke6 35. Rxf4 Rh8 36. Ke2 1-0

[Event "Titled Tue 1st Jul Early"]
[Site "chess.com INT"]
[Date "2025.07.01"]
[Round "4"]
[White "Palomo, Franklin Annervys"]
[Black "Legenia, Artem"]
[Result "1-0"]
[WhiteTitle "FM"]
[WhiteElo "2243"]
[BlackElo "2092"]
[WhiteFideId "3906965"]
[BlackFideId "14136945"]
[EventDate "2025.07.01"]

1. Nf3 b5 2. g3 Bb7 3. Bg2 a6 4. O-O c5 5. d3 e6 6. e4 d6 7. Re1 Nd7 8. Nbd2
Ngf6 9. a4 Be7 10. c3 O-O 11. h3 e5 12. Nf1 Re8 13. Bg5 h6 14. Bxf6 Nxf6 15. c4
bxc4 16. N3d2 cxd3 17. Qb3 Bc6 18. Qxd3 a5 19. Ne3 Rb8 20. Ndc4 Qc7 21. Qc2 Bf8
22. Kh2 Red8 23. Red1 Bd7 24. Rd2 Be6 25. Rad1 Rb4 26. Rd3 Qc6 27. b3 Qc7 28.
R1d2 Rdb8 29. h4 g6 30. Bf3 h5 31. Rd1 Nd7 32. Kg2 Nf6 33. Kh2 Be7 34. Kg2 Kg7
35. R1d2 Kg8 36. Qd1 Nd7 37. Qc2 Nf6 38. Kh2 Ne8 39. Bg2 Nf6 40. f3 Nd7 41. Bh3
Kg7 42. Qd1 Nf6 43. Bxe6 fxe6 44. Nxd6 Bxd6 45. Rxd6 Rxb3 46. Rd7+ Nxd7 47.
Rxd7+ Qxd7 48. Qxd7+ Kh6 49. Qe7 Rd3 50. Qg5+ Kg7 51. Qxe5+ Kh6 52. Qxb8 1-0

[Event "Titled Tue 1st Jul Early"]
[Site "chess.com INT"]
[Date "2025.07.01"]
[Round "4"]
[White "Erdogmus, Yagiz Kaan"]
[Black "Sheehan, Ethan"]
[Result "1-0"]
[WhiteTitle "GM"]
[WhiteElo "2626"]
[BlackElo "2366"]
[WhiteFideId "44599790"]
[BlackFideId "30943965"]
[EventDate "2025.07.01"]

1. e4 e5 2. Nf3 Nc6 3. Bc4 Nf6 4. d3 Bc5 5. O-O d6 6. c3 a6 7. Nbd2 Ba7 8. Bb3
O-O 9. Re1 Ng4 10. Re2 Kh8 11. h3 f5 12. exf5 Nh6 13. Nf1 Nxf5 14. d4 Nh4 15.
Ng5 Qf6 16. Ng3 exd4 17. Nf7+ Rxf7 18. Bg5 Bg4 19. Bxf6 Bxe2 20. Qxe2 Rxf6 21.
Ne4 Re8 22. Qg4 Nf3+ 23. Kh1 Nce5 24. Qh5 g6 25. Qh6 Rf5 26. gxf3 Nxf3 27. Ng3
Rfe5 28. Bf7 Rd8 29. Bxg6 Rd7 30. Qf8# 1-0

[Event "Titled Tue 1st Jul Early"]
[Site "chess.com INT"]
[Date "2025.07.01"]
[Round "4"]
[White "Aranda, Juan Manuel"]
[Black "Buscar, Michael"]
[Result "0-1"]
[WhiteTitle "CM"]
[WhiteElo "2134"]
[BlackElo "2016"]
[WhiteFideId "160458"]
[BlackFideId "2603616"]
[EventDate "2025.07.01"]

1. Nf3 d5 2. g3 e6 3. Bg2 c5 4. O-O Nc6 5. d3 Nf6 6. Nbd2 Be7 7. e4 O-O 8. e5
Nd7 9. Re1 f5 10. exf6 Nxf6 11. c3 Bd6 12. d4 Bd7 13. Nb3 b6 14. Ne5 Bxe5 15.
dxe5 Ne8 16. h4 Qe7 17. Bg5 Qf7 18. Qd2 Bc8 19. Re2 Ba6 20. Re3 Nc7 21. Rf3 Qh5
22. Rxf8+ Rxf8 23. Re1 Bc4 24. Nc1 h6 25. Bf4 Ba6 26. b3 Ne7 27. Qd1 Qxd1 28.
Rxd1 Ng6 29. Bd2 Nxe5 30. Bf4 Rxf4 31. gxf4 Ng6 32. f5 exf5 33. Bxd5+ Nxd5 34.
Rxd5 Nxh4 35. Rd7 Nf3+ 36. Kg2 Ne1+ 37. Kg3 g5 38. Rxa7 Bf1 39. Rb7 h5 40. f4
Bg2 41. fxg5 Bxb7 42. Kf4 Be4 43. Ne2 Nd3+ 44. Ke3 h4 45. a4 h3 46. Ng3 h2 0-1

[Event "Titled Tue 1st Jul Early"]
[Site "chess.com INT"]
[Date "2025.07.01"]
[Round "4"]
[White "Osiecki, Stanislaw"]
[Black "Begunov, Konstantin"]
[Result "1/2-1/2"]
[WhiteTitle "FM"]
[BlackTitle "FM"]
[WhiteElo "1944"]
[BlackElo "2325"]
[WhiteFideId "1102990"]
[BlackFideId "4118510"]
[EventDate "2025.07.01"]

1. e4 g6 2. d4 Bg7 3. Nf3 c6 4. Nc3 d5 5. e5 Bg4 6. h3 Bxf3 7. Qxf3 e6 8. Bd3 a6
9. Ne2 c5 10. c3 Nc6 11. a3 Nge7 12. O-O cxd4 13. cxd4 Nf5 14. Bxf5 gxf5 15. Be3
Qh4 16. Qg3 Qxg3 17. fxg3 Rc8 18. Rac1 Bf8 19. b4 Kd7 20. Nf4 Be7 21. Nd3 Rhg8
22. Kh2 b6 23. Rc2 Na7 24. Rfc1 Rxc2 25. Rxc2 Nb5 26. a4 Na3 27. Ra2 Nc4 28. Bc1
Rc8 29. Rc2 Rb8 30. Kg1 b5 31. a5 Kc6 32. Kf2 Rg8 33. Rc3 Kd7 34. Rc2 f6 35. Bf4
fxe5 36. Bxe5 Rc8 37. Ke2 Rc6 38. Rc3 Rc8 39. Rc2 Rg8 40. Kf3 h5 41. Kf2 Rg6 42.
Kf3 Rg8 43. Kf2 Bf8 44. Kf3 Be7 1/2-1/2

[Event "Titled Tue 1st Jul Early"]
[Site "chess.com INT"]
[Date "2025.07.01"]
[Round "4"]
[White "Domin, Yan"]
[Black "Ryabukhin, Roman"]
[Result "1-0"]
[WhiteTitle "FM"]
[BlackTitle "CM"]
[WhiteElo "2222"]
[BlackElo "2236"]
[WhiteFideId "34169342"]
[BlackFideId "24257893"]
[EventDate "2025.07.01"]

1. Nf3 c5 2. e4 Nc6 3. c3 e5 4. Bc4 Nf6 5. d3 Be7 6. a4 O-O 7. O-O h6 8. h3 d6
9. Re1 a6 10. Na3 Rb8 11. Nc2 b5 12. Ba2 b4 13. Ne3 Na5 14. Bd5 Bd7 15. c4 Nxd5
16. Nxd5 Qe8 17. g4 Bd8 18. Kg2 Qe6 19. b3 Qg6 20. Kh1 h5 21. Nh2 hxg4 22. hxg4
Nc6 23. Be3 Kh7 24. f3 Rh8 25. Kg2 Kg8 26. Ra2 f5 27. Rh1 fxg4 28. Nxg4 Rxh1 29.
Kxh1 Qh5+ 30. Kg2 Bg5 31. Bf2 Bf4 32. Ngf6+ gxf6 33. Nxf6+ Kf7 34. Nxh5 Rg8+ 35.
Kf1 Bh3+ 36. Ke2 Bh6 37. Qh1 Bg2 38. Qh4 Bg5 39. Qh2 Be7 40. Ra1 Rg5 41. Rg1 1-0